Word Ladder: Sweet Summer Treat Quiz Stats

 Plays Quiz Updated Jul 23, 2019

Support Sporcle.
Go Orange.
Score 0/13 Timer 01:30
2 Plays Today
Hint Five Letter Word % Correct
War and _____PEACE
98.1%
Opposite of whiteBLACK
97.5%
Empty; clearBLANK
96.8%
Wooden board favored by piratesPLANK
96.4%
Spitfire or Boeing 747PLANE
96.4%
LocationPLACE
96%
• Fuzzy stone fruit •• PEACH •
95.4%
ObstructBLOCK
94.5%
Time tellerCLOCK
94.3%
Talk like a frogCROAK
92.1%
Cover, disguiseCLOAK
90.4%
• Whipped, clotted, or shaving •• CREAM •
88.4%
Harsh squeaking soundCREAK
86.7%

Today's Daily Dose

You're not logged in!

Compare scores with friends on all Sporcle quizzes.
OR
Log In

From the Vault

One-Word Animated Films

by Hejman

We love it when movie titles just get straight to the point.
Remove Ads.
Support Sporcle.
Get the best of Sporcle when you Go Orange. This ad-free experience offers more features, more stats, and more fun while also helping to support Sporcle. Thank you for becoming a member.

Show Comments

Extras

Top Quizzes Today


Score Distribution

Your Account Isn't Verified!

In order to create a playlist on Sporcle, you need to verify the email address you used during registration. Go to your Sporcle Settings to finish the process.

Report this User

Report this user for behavior that violates our Community Guidelines.

Details: